Assessment of disc clipping on the survival and behavior of the andean frong Hyla labialis (Registro nro. 13056)

Detalles MARC
000 -CABECERA
Campo de control 006130000a22001930004500
090 ## - CLASIFICACIÓN LOCAL
Colección AR
Consecutivo 04023
041 0# - IDIOMA
Código de idioma para texto/pista de sonido o título separado
100 1# - ASIENTO PRINCIPAL--NOMBRE PERSONAL
Nombre personal Luddecke, Horst
245 10 - MENCION DE TITULO
Título Assessment of disc clipping on the survival and behavior of the andean frong Hyla labialis
500 ## - NOTA GENERAL
Nota general <Curso de Bioacústica>
650 14 - ASIENTO SECUNDARIO DE MATERIA - TERMINO TEMATICO
Término temático o nombre geográfico como elemento de entrada Anfibios
650 14 - ASIENTO SECUNDARIO DE MATERIA - TERMINO TEMATICO
Término temático o nombre geográfico como elemento de entrada Etología
650 14 - ASIENTO SECUNDARIO DE MATERIA - TERMINO TEMATICO
Término temático o nombre geográfico como elemento de entrada Demografía
651 #4 - ASIENTO SECUNDARIO DE MATERIA - NOMBRE GEOGRAFICO
-- Parque Nacional Natural Chingaza
-- Cundinamarca
-- Colombia
653 ## - TERMINO DE INDIZACION - NO CONTROLADO
-- Hyla
-- Hyla labialis
700 1# - ASIENTO SECUNDARIO - NOMBRE PERSONAL
Nombre personal Amézquita, Adolfo
773 1# - Item fuente:
Título Copeia
Descripción física 3
Paginas del Articulo 824-830
Lugar, editorial y fecha de publicación 1999
942 ## - ELEMENTOS ADICIONALES (KOHA)
Tipo de ítem Artículo
Existencias
Withdrawn status Lost status Damaged status No para préstamo Colección Ubicación Permanente Ubicación actual Fecha de adquisición Fuente de Valor Datos de publicación Seriada Total Checkouts Número topográfico Inventario / Código de Barras Date last seen Price effective from Forma de adquisición Tipo de material
      No para Préstamo Hemeroteca Bogotá Bogotá 27/02/2015 Curso de Bioacústica Fuera de circulación   AR 04023 017614 25/03/2015 25/03/2015   Artículo